000
00244nam a2200097Ia 4500
001
690055
005
20250826161809.0
008
250824s9999 xx 000 0 und d
245
0
_a
YÜZBAŞININ KIZI
_c
ALEKSANDR PUŞKİN
260
_b
MARTI YAYINLARI
999
_c
690055
_d
690055